000 00528cam a22002171 4500
001 sa 64002030
003 DLC
005 20260227112007.0
008 890420s1962 ii c 000 0 gujo
010 _asa 64002030
035 _a(OCoLC)19575728
040 _aDLC
_cWaU
_dDLC
042 _apremarc
050 0 0 _aPK1850.5
_b.P3
100 1 _aPatel, Shanabhai N.
245 1 0 _aAntaranā paḍaghā.
260 _c[1962]
300 _a12, 148 p.
_bport.
_c19 cm.
500 _aIn Gujarati.
650 0 _aGujarati literature.
999 _c57119
_d57119